Finančný plán podniku diplomová práca

Gespeichert in:
Bibliographische Detailangaben
1. Verfasser: Luptáková, Katarína
Körperschaft: Fakulta podnikového manažmentu EU. Katedra podnikových financií
Weitere Verfasser: Foltínová, Ľubica, 1975-
Format: Buch
Sprache:Slowakisch
Veröffentlicht: Bratislava 2016
Tags: Tag hinzufügen
Keine Tags, Fügen Sie das erste Tag hinzu!

MARC

LEADER 00000nbm a2200000 4500
001 0218497
005 20170220102352.7
041 0 |a slo 
044 |a SK 
245 1 0 |a Finančný plán podniku  |b diplomová práca  |c Katarína Luptáková ; školiteľ: Ľubica Foltínová 
264 1 |a Bratislava  |c 2016 
300 |a 90 s. 
100 1 |a Luptáková, Katarína 
700 1 |a Foltínová, Ľubica, 1975- 
710 2 |a Fakulta podnikového manažmentu EU. Katedra podnikových financií